| 000 | 01511nam a2200289Ia 4500 | ||
|---|---|---|---|
| 999 |
_c50301 _d50301 |
||
| 001 | 17242 | ||
| 003 | GE_BSU | ||
| 005 | 20200204160133.0 | ||
| 008 | 181216s2008ge xx |||||||||||||| ||geo|| | ||
| 020 | _a9789941903229 | ||
| 040 | _cGE_BSU | ||
| 041 | _ageo | ||
| 080 | _a342.9(075.8) ა-28 | ||
| 245 |
_aადმინისტრაციული საპროცესო სამართლის სახელმძღვანელო = Lehrbuch zum Verwaltungsprozessrecht / _cმაია კოპალეიშვილი ; ნუგზარ სხირტლაძე ; ეკატერინე ქარდავა ; რედ. პაატა ტურავა . |
||
| 264 |
_aთბილისი : _bსიესტა, _c2008. |
||
| 300 |
_a408 გვ .: _c20 სმ. |
||
| 504 | _aბიბლიოგრ. ტექსტ. შენიშვნ | ||
| 520 | _aწინათქმა გერმ ენაზე | ||
| 541 | _h18 ლ. | ||
| 653 | _aადმინისტრაციული საპროცესო სამართალი სახელმძღვან. | ||
| 653 | _aსამართალი | ||
| 700 |
_aკოპალეიშვილი, მაია _96805 |
||
| 700 |
_aსხირტლაძე, ნუგზარ _96806 |
||
| 700 |
_aქარდავა, ეკატერინე _96807 |
||
| 700 |
_aტურავა, პაატა _eრედაქტორი _93298 |
||
| 942 |
_cBK _2udc |
||